25 years of the Urban Design Group (Record no. 73670)
[ view plain ]
| 000 -LEADER | |
|---|---|
| fixed length control field | 01415cam a2200253 4500 |
| 001 - CONTROL NUMBER | |
| control field | ABS67181 |
| 008 - FIXED-LENGTH DATA ELEMENTS--GENERAL INFORMATION | |
| fixed length control field | 031028n2003 000 0 eng u |
| 035 ## - SYSTEM CONTROL NUMBER | |
| System control number | (Sirsi) u124108 |
| 245 ## - TITLE STATEMENT | |
| Title | 25 years of the Urban Design Group |
| 260 ## - PUBLICATION, DISTRIBUTION, ETC. | |
| Date of publication, distribution, etc. | 2003 |
| 490 ## - SERIES STATEMENT | |
| Series statement | Urban Design Quarterly |
| Volume/sequential designation | (88) Autumn 2003, (50) LOAN |
| 520 ## - SUMMARY, ETC. | |
| Summary, etc. | Special commemorative issue celebrating the 25 year history of the Urban Design Group. Reviews key achievements of the group, lists past presidents and chairmen, current and previous patrons and looks back at the early years of the group. Other topics covered include an overview of government policy with regard to urban design over the last 25 years, identifies initiatives which have helped to advance the understanding of urban space including the Urban Villages Group, The Architecture Foundation, the Prince's Foundation and the Commission for Architecture and the Built Environment (CABE). Educational achievements in urban design past and present and a review of the group's publications are also included. |
| 590 ## - LOCAL NOTE (RLIN) | |
| Local note | ABS |
| 650 ## - SUBJECT ADDED ENTRY--TOPICAL TERM | |
| Topical term or geographic name entry element | URBAN DESIGN GROUP |
| 650 ## - SUBJECT ADDED ENTRY--TOPICAL TERM | |
| Topical term or geographic name entry element | URBAN DESIGN |
| 650 ## - SUBJECT ADDED ENTRY--TOPICAL TERM | |
| Topical term or geographic name entry element | URBAN VILLAGES GROUP |
| 650 ## - SUBJECT ADDED ENTRY--TOPICAL TERM | |
| Topical term or geographic name entry element | THE ARCHITECTURE FOUNDATION |
| 650 ## - SUBJECT ADDED ENTRY--TOPICAL TERM | |
| Topical term or geographic name entry element | PRINCE'S FOUNDATION |
| 650 ## - SUBJECT ADDED ENTRY--TOPICAL TERM | |
| Topical term or geographic name entry element | CABE |
| 650 ## - SUBJECT ADDED ENTRY--TOPICAL TERM | |
| Topical term or geographic name entry element | URBAN SPACES |
| 650 ## - SUBJECT ADDED ENTRY--TOPICAL TERM | |
| Topical term or geographic name entry element | URBAN DESIGN ALLIANCE |
| 690 ## - LOCAL SUBJECT ADDED ENTRY--TOPICAL TERM (OCLC, RLIN) | |
| Topical term or geographic name as entry element | ENVIRONMENTAL AND LAND CONSULTANCY-PLANNING AND DEVELOPMENT |
| 942 ## - ADDED ENTRY ELEMENTS (KOHA) | |
| Suppress in OPAC | 0 |
| Withdrawn status | Lost status | Source of classification or shelving scheme | Damaged status | Not for loan | Home library | Current library | Shelving location | Date acquired | Total Checkouts | Full call number | Barcode | Date last seen | Copy number | Price effective from | Koha item type |
|---|---|---|---|---|---|---|---|---|---|---|---|---|---|---|---|
| Dewey Decimal Classification | London | London | Journal article | 28/10/2003 | ABS67181 | 30062606 | 06/08/2019 | 1 | 06/08/2019 | Journal article |